000 01120nam a2200337 a 4500
008
020 _a9781455703180 (hardback)
040 _aNUST
_cNUST
049 _aMAIN
090 _aRJ506
_bPRI
245 1 0 _aPrinciples & practice of pediatric sleep medicine/
_c Stephen H Sheldon ; Richard Ferber ; Meir H Kryger & David Gozal.
250 _aSecond edition.
260 _aLondon :
_bElsevier/Saunders,
_c2014.
300 _axv, 425 pages :
_billustrations (some colour) ;
_c29 cm.
336 _atext
_btxt
_2rdacontent
337 _aunmediated
_bn
_2rdamedia
338 _avolume
_bnc
_2rdacarrier
500 _aIncludes index.
504 _aIncludes bibliographical references.
650 1 _aSleep disorders in children.
650 _aChildren
_xSleep.
650 _aChildren.
700 _aSheldon, Stephen H.,
_aauthor.
700 _aFerber, Richard.,
_aauthor.
700 _aKryger, Meir H.,
_aauthor.
700 _aGozal, David.,
_aauthor.
907 _a.b10411173
_b08-03-22
_c15-10-21
003
005 20230120204338.0
942 _cBOOKS
_kRJ506
_mPRI
999 _c121588
_d121588